MARC details
| 000 -LEADER |
| campo de control de longitud fija |
02125cam a22004218i 4500 |
| 001 - NÚMERO DE CONTROL |
| campo de control |
in00024280749 |
| 003 - IDENTIFICADOR DE NÚMERO DE CONTROL |
| campo de control |
DLC |
| 005 - FECHA Y HORA DE LA ÚLTIMA TRANSACCIÓN |
| campo de control |
20260414125613.0 |
| 007 - CAMPO FIJO DE DESCRIPCIÓN FÍSICA--INFORMACIÓN GENERAL |
| campo de control de longitud fija |
t |
| 008 - DATOS DE LONGITUD FIJA--INFORMACIÓN GENERAL |
| campo de control de longitud fija |
250714s2025 mau b 001 0 eng |
| 010 ## - NÚMERO DE CONTROL DE LA BIBLIOTECA DEL CONGRESO |
| Número de control de LC |
2024047176 |
| 020 ## - NÚMERO INTERNACIONAL ESTÁNDAR DEL LIBRO |
| Número Internacional Estándar del Libro |
9780262049856 |
| Información calificativa |
hardcover |
| 020 ## - NÚMERO INTERNACIONAL ESTÁNDAR DEL LIBRO |
| ISBN cancelado o inválido |
9780262383929 |
| Información calificativa |
pdf |
| 020 ## - NÚMERO INTERNACIONAL ESTÁNDAR DEL LIBRO |
| ISBN cancelado o inválido |
9780262383936 |
| Información calificativa |
epub |
| 040 ## - FUENTE DE CATALOGACIÓN |
| Centro catalogador/agencia de origen |
DLC |
| Lengua de catalogación |
eng |
| Normas de descripción |
rda |
| Centro/agencia transcriptor |
DLC |
| Centro/agencia modificador |
DLC-MRC |
| 041 ## - CÓDIGO DE IDIOMA |
| Código de lengua del texto/banda sonora o título independiente |
eng |
| 042 ## - CÓDIGO DE AUTENTICACIÓN |
| Código de autenticación |
pcc |
| 050 00 - SIGNATURA TOPOGRÁFICA DE LA BIBLIOTECA DEL CONGRESO |
| Número de clasificación |
HT1521 |
| Número de ítem |
S997b 2025 |
| 100 1# - ENTRADA PRINCIPAL--NOMBRE DE PERSONA |
| Nombre de persona |
Szetela, Adam |
| Término indicativo de función/relación |
author |
| Relación |
aut |
| -- |
http://id.loc.gov/vocabulary/relators/aut |
| Número de control del registro de autoridad o número normalizado |
http://id.loc.gov/authorities/names/n2025502448 |
| URI de un objeto del mundo real |
http://id.loc.gov/rwo/agents/n2025502448 |
| 9 (RLIN) |
47934 |
| 245 10 - MENCIÓN DEL TÍTULO |
| Título |
That book is dangerous! : |
| Resto del título |
how moral panic, social media, and the culture wars are remaking publishing / |
| Mención de responsabilidad, etc. |
Adam Szetela. |
| 263 ## - FECHA PROYECTADA DE PUBLICACIÓN |
| Fecha proyectada de publicación |
2507 |
| 264 #1 - PRODUCCIÓN, PUBLICACIÓN, DISTRIBUCIÓN, FABRICACIÓN Y COPYRIGHT |
| Producción, publicación, distribución, fabricación y copyright |
Cambridge : |
| Nombre del de productor, editor, distribuidor, fabricante |
The MIT Press, |
| Fecha de producción, publicación, distribución, fabricación o copyright |
2025. |
| 300 ## - DESCRIPCIÓN FÍSICA |
| Extensión |
273 pages ; |
| Dimensiones |
23 cm. |
| 336 ## - TIPO DE CONTENIDO |
| Término de tipo de contenido |
text |
| Código de tipo de contenido |
txt |
| Fuente |
rdacontent |
| Número de control del registro de autoridad o número normalizado |
http://id.loc.gov/vocabulary/contentTypes/txt |
| 337 ## - TIPO DE MEDIO |
| Nombre/término del tipo de medio |
unmediated |
| Código del tipo de medio |
n |
| Fuente |
rdamedia |
| Número de control del registro de autoridad o número normalizado |
http://id.loc.gov/vocabulary/mediaTypes/n |
| 338 ## - TIPO DE SOPORTE |
| Nombre/término del tipo de soporte |
volume |
| Código del tipo de soporte |
nc |
| Fuente |
rdacarrier |
| Número de control del registro de autoridad o número normalizado |
http://id.loc.gov/vocabulary/carriers/nc |
| 504 ## - NOTA DE BIBLIOGRAFÍA, ETC. |
| Nota de bibliografía, etc. |
Includes bibliographical references and index. |
| 520 ## - RESUMEN, ETC. |
| Sumario, etc. |
"This book investigates how well-intentioned and often successful efforts to diversify American literature have also produced unintended and disastrous effects"-- Provided by publisher. |
| 650 #0 - PUNTO DE ACCESO ADICIONAL DE MATERIA--TÉRMINO DE MATERIA |
| Término de materia o nombre geográfico como elemento de entrada |
Racism |
| Número de control del registro de autoridad o número normalizado |
http://id.loc.gov/authorities/subjects/sh85110266 |
| 758 ## - IDENTIFICADOR DEL RECURSO |
| URI de un objeto del mundo real |
http://id.loc.gov/resources/instances/in00024280749 |
| 758 ## - IDENTIFICADOR DEL RECURSO |
| Relación |
http://id.loc.gov/ontologies/bibframe/instanceOf |
| URI de un objeto del mundo real |
http://id.loc.gov/resources/works/in00024280749 |
| 776 1# - ENTRADA DE FORMULARIO FÍSICO ADICIONAL |
| Información de relación |
Online version |
| Relación |
http://id.loc.gov/entities/relationships/onlineversion |
| Encabezamiento principal |
Szetela, Adam |
| Título |
That book is dangerous! |
| Lugar, editor y fecha de publicación |
Cambridge : The MIT Press, 2025 |
| Número Internacional Estándar del Libro |
9780262383929 |
| Número de control del registro |
(DLC) 2024047177 |
| 884 ## - Información sobre la conversión de la descripción |
| Proceso de conversión |
DLC bibframe2marc v2.10-dev |
| Fecha de conversión |
20250714 |
| Agencia que convierte los datos |
DLC |
| Identificador Uniforme de Recursos |
https://github.com/lcnetdev/bibframe2marc/releases/tag/v2.10-dev |
| 906 ## - ELEMENTOS DE DATOS F LOCAL, LDF (RLIN) |
| a |
7 |
| b |
cbc |
| c |
orignew |
| d |
1 |
| e |
ecip |
| f |
20 |
| g |
y-gencatlg |
| 942 ## - ELEMENTOS DE ENTRADA SECUNDARIOS (KOHA) |
| Fuente del sistema de clasificación o colocación |
Clasificación de Library of Congress |
| Tipo de ítem Koha |
Libro |
| Suprimir en OPAC |
No |
| 946 ## - PROCESAMIENTO DE INFORMACIÓN LOCAL (OCLC) |
| Iniciales del agente catalogador |
dpf |